000 01087nac a22003251i 4500
003 EG-ScBUE
005 20260414144717.0
008 260414t1994 cauab f 001 0 eng d
020 _a0122821106
020 _a9780122821103
040 _aEG-ScBUE
_beng
_erda
_cEG-ScBUE
_dEG-ScBUE
082 0 4 _a574.52632
_bGRO
_222
245 0 0 _aGroundwater ecology /
_cedited by Janine Gibert, Dan L. Danielopol, Jack A. Stanford.
264 1 _aSan Diego :
_bAcademic Press,
_c[1994]
264 4 _cc1994
300 _axvii, 571 pages :
_billustrations (some color), maps ;
_c24 cm.
336 _2rdacontent
_atext
_btxt
337 _aunmediated
_2rdamedia
_bn
338 _avolume
_bnc
_2rdacarrier
490 0 _aAquatic biology [sic] series
504 _aIncludes bibliographical references and index.
650 7 _aGroundwater ecology.
_2BUEsh
650 7 _aGroundwater.
_2BUEsh
650 7 _aAquifers.
_2BUEsh
655 _vReading book
700 1 _aGibert, Janine,
_eeditor.
700 1 _aDanielopol, Dan.
_eeditor.
700 1 _aStanford, Jack Arthur,
_c1947-
_eeditor.
942 _cBB
_2ddc
999 _c7098
_d7098